[Event "Pinerolo op"]
[Site "Pinerolo"]
[Date "2009.11.14"]
[Round "2"]
[White "Babilonia, Mauricio Rafael"]
[Black "Abbura, Davide"]
[Result "1-0"]
[WhiteElo "2035"]
[BlackElo "1691"]
[PlyCount "59"]
[EventDate "2009.11.13"]
[EventType "swiss"]
[EventRounds "5"]
[EventCountry "ITA"]
[SourceTitle "EXT 2012"]
[Source "ChessBase"]
[SourceDate "2011.11.24"]
[SourceVersion "1"]
[SourceVersionDate "2011.11.24"]
[SourceQuality "1"]

1. d4 d5 2. c4 e6 3. g3 Nf6 4. Nf3 Be7 5. Bg2 0-0 6. 0-0 Nbd7 7. e3 c6 8. b3 Qc7 9. Bb2 Re8 10. Nbd2 Bd6 11. h3 e5 12. c5 Bf8 13. dxe5 Ne4 14. b4 b6 15. cxb6 axb6 16. a3 Nxd2 17. Qxd2 g6 18. Rac1 Ba6 19. Rfd1 Rad8 20. Qc3 Bg7 21. Qxc6 Qxc6 22. Rxc6 Bb7 23. Rc7 Ba8 24. Rc2 Nxe5 25. Bxe5 Bxe5 26. Nxe5 Rxe5 27. Rcd2 f5 28. Kf1 Kf7 29. Ke2 Bb7 30. f4 1-0

[Event "Turin FreeTUR op"]
[Site "Turin"]
[Date "2007.11.06"]
[Round "1"]
[White "Abbura, Davide"]
[Black "Tondo, Stefano"]
[Result "1-0"]
[WhiteElo "1697"]
[BlackElo "1496"]
[PlyCount "56"]
[EventDate "2007.11.06"]
[EventType "swiss"]
[EventRounds "6"]
[EventCountry "ITA"]
[SourceTitle "EXT 2010"]
[Source "ChessBase"]
[SourceDate "2010.11.25"]
[SourceVersion "1"]
[SourceVersionDate "2010.11.25"]
[SourceQuality "1"]

1. e4 c5 2. Nc3 Nc6 3. d3 d6 4. g3 g6 5. Bg2 Bg7 6. Nge2 e6 7. 0-0 Rb8 8. Rb1 b5 9. b3 Nd4 10. Nxd4 cxd4 11. Ne2 Qc7 12. Bb2 e5 13. h3 b4 14. f4 Ne7 15. fxe5 dxe5 16. Bc1 h6 17. Bd2 Be6 18. g4 0-0 19. Be1 Qc5 20. Bh4 Nc8 21. Bf6 Nb6 22. Bxg7 Kxg7 23. Qd2 a5 24. Ng3 Qe7 25. Nf5+ gxf5 26. gxf5 Bxf5 27. Rxf5 Qh4 28. Rxe5 Qg3 1-0

[Event "Savigliano 6th"]
[Site "Savigliano"]
[Date "2007.05.31"]
[Round "1"]
[White "Abbura, Davide"]
[Black "Gallucci, Alessio"]
[Result "0-1"]
[WhiteElo "1683"]
[BlackElo "1994"]
[PlyCount "44"]
[EventDate "2007.05.31"]
[EventType "swiss"]
[EventRounds "6"]
[EventCountry "ITA"]
[SourceTitle "EXT 2009"]
[Source "ChessBase"]
[SourceDate "2008.11.26"]
[SourceVersion "1"]
[SourceVersionDate "2008.11.26"]
[SourceQuality "1"]

1. e4 c5 2. Nc3 d6 3. d3 Nc6 4. g3 g6 5. Nge2 Bg7 6. Bg2 e6 7. 0-0 Nge7 8. Be3 Nd4 9. Qd2 0-0 10. Rab1 Nec6 11. a3 Qa5 12. f4 Rb8 13. g4 f5 14. exf5 exf5 15. Bd5+ Kh8 16. g5 Re8 17. Rbc1 Nxe2+ 18. Qxe2 Rxe3 19. Qxe3 Bd4 20. Rce1 Bd7 21. Kg2 Bxe3 22. Rxe3 Re8 0-1

[Event "Turin olympic op-A"]
[Site "Turin"]
[Date "2006.05.28"]
[Round "8"]
[White "Abbura, Davide"]
[Black "Parodi, Alessandro"]
[Result "1/2-1/2"]
[WhiteElo "1739"]
[BlackElo "1928"]
[PlyCount "44"]
[EventDate "2006.05.22"]
[EventType "swiss"]
[EventRounds "9"]
[EventCountry "ITA"]
[SourceTitle "EXT 2011"]
[Source "ChessBase"]
[SourceDate "2010.11.26"]
[SourceVersion "1"]
[SourceVersionDate "2010.11.26"]
[SourceQuality "1"]

1. e4 d6 2. d4 Nf6 3. Nc3 g6 4. Be3 c6 5. e5 dxe5 6. dxe5 Nd5 7. Bc4 Be6 8. Nxd5 Bxd5 9. Bxd5 cxd5 10. f4 Nc6 11. c3 Qd7 12. Nf3 h6 13. 0-0 Bg7 14. Qc2 e6 15. Rad1 0-0 16. Qd2 b6 17. g4 Kh8 18. Kh1 Rg8 19. Rg1 Qb7 20. Qg2 Ne7 21. Bd4 Raf8 22. Qh3 Nc6 1/2-1/2

[Event "Turin Piemonte op 6th"]
[Site "Turin"]
[Date "2005.11.19"]
[Round "2"]
[White "Abbura, Davide"]
[Black "Sorcinelli, Francesco"]
[Result "0-1"]
[WhiteElo "1745"]
[BlackElo "2071"]
[PlyCount "70"]
[EventDate "2005.11.18"]
[EventType "swiss"]
[EventRounds "9"]
[EventCountry "ITA"]
[SourceTitle "EXT 2007"]
[Source "ChessBase"]
[SourceDate "2006.11.23"]
[SourceVersion "1"]
[SourceVersionDate "2006.11.23"]
[SourceQuality "1"]

1. e4 c5 2. Nc3 Nc6 3. d3 g6 4. g3 Bg7 5. Bg2 d6 6. Nge2 Nf6 7. 0-0 0-0 8. h3 Rb8 9. Be3 b5 10. Qc1 b4 11. Nd1 Qc7 12. f4 Nd7 13. g4 Ba6 14. Nf2 Nd4 15. Bxd4 cxd4 16. f5 Rbc8 17. g5 Qxc2 18. Nf4 Bb7 19. Ng4 Qxc1 20. Rfxc1 Be5 21. Nxe5 dxe5 22. Ne2 Nc5 23. Rd1 Na4 24. Rd2 Rc7 25. Rc1 Rfc8 26. Rxc7 Rxc7 27. fxg6 hxg6 28. Bf1 Ba6 29. Ng3 Rc1 30. Kf2 Ra1 31. a3 b3 32. Be2 Rb1 33. Bd1 Nxb2 34. Bxb3 Nxd3+ 35. Rxd3 Bxd3 0-1